Regionálne disparity vo vybraných oblastiach Slovenska
Na Slovensku sú zaznamenané výrazné regionálne disparity, na vznik ktorých mali vplyv prírodné podmienky, obyvateľstvo, veľkosť a štruktúra sídiel, ako aj ekonomický potenciál daných oblastí. Pri ich odstraňovaní môže hrať dôležitú úlohu kvalita a kvantita infraštruktúry. Jej skvalitnenie a dobudova...
Na minha lista:
| Autor principal: | |
|---|---|
| Formato: | Capítulo de Livro |
| Idioma: | eslovaco |
| Assuntos: | |
| Tags: |
Sem tags, seja o primeiro a adicionar uma tag!
|
MARC
| LEADER | 00000nla$a2200000$$$4500 | ||
|---|---|---|---|
| 001 | 0075750 | ||
| 005 | 20220801085410.6 | ||
| 041 | 0 | |a slo | |
| 044 | |a CZ | ||
| 245 | 1 | 0 | |a Regionálne disparity vo vybraných oblastiach Slovenska |c Emília Huttmanová |
| 520 | |a Na Slovensku sú zaznamenané výrazné regionálne disparity, na vznik ktorých mali vplyv prírodné podmienky, obyvateľstvo, veľkosť a štruktúra sídiel, ako aj ekonomický potenciál daných oblastí. Pri ich odstraňovaní môže hrať dôležitú úlohu kvalita a kvantita infraštruktúry. Jej skvalitnenie a dobudovanie je finančne veľmi náročné. Správnym čerpaním a využívaním poskytnutých prostriedkov z fondov EÚ je možné zlepšiť súčasnú situáciu a napomôcť ďalšiemu rozvoju a zlepšeniu súčasného postavenia Slovenska v hospodársky a spoločensky dynamickom európskom prostredí. | ||
| 610 | 2 | 0 | |a Slovensko |
| 610 | 2 | 0 | |a regióny |
| 610 | 2 | 0 | |a disparita |
| 610 | 2 | 0 | |a rozvoj regionálny |
| 610 | 2 | 0 | |a fondy štruktúrne |
| 610 | 2 | 0 | |a infraštruktúra |
| 100 | 1 | |a Huttmanová, Emília | |